ՀՀ Գիտությունների ազգային ակադեմիայի հիմնարար գիտական գրադարան  =   Fundamental Scientific Library of NAS RA

Ժընեւ եւ Հնչակեան կուսակցութեան կազմաւորումը : (Record no. 345009)

MARC details
000 -LEADER
fixed length control field 01309nam a2200217 a 4500
001 - CONTROL NUMBER
control field 001061047
003 - CONTROL NUMBER IDENTIFIER
control field AM-YeHGA
005 - DATE AND TIME OF LATEST TRANSACTION
control field 20250617151121.0
008 - FIXED-LENGTH DATA ELEMENTS--GENERAL INFORMATION
fixed length control field 150317s2014 ai r 000 0 arm d
040 ## - CATALOGING SOURCE
Original cataloging agency AM-YeHGA
041 0# - LANGUAGE CODE
Language code of text/sound track or separate title arm
090 ## - LOCALLY ASSIGNED LC-TYPE CALL NUMBER (OCLC); LOCAL CALL NUMBER (RLIN)
-- 346807
100 1# - MAIN ENTRY--PERSONAL NAME
Personal name Մանուկյան, Աբել
Titles and words associated with a name Քահանա
245 10 - TITLE STATEMENT
Title Ժընեւ եւ Հնչակեան կուսակցութեան կազմաւորումը :
Remainder of title Սոցիալ դեմոկրատ Հնչակեան մայր կուսակցութեան հիմնադրութեան 125-ամեայ յոբելեանին առթիւ; Թարմ հողակույտերուն առջեւ : 100 տարի առաջ՝ զրուիցերիոյ մամուլն ու Հնչակեան քսան կախաղանները /
Statement of responsibility, etc. Դոկտ. Աբել Քհնյ. Մանուկեան.
246 4# - VARYING FORM OF TITLE
Title proper/short title Հայրենիքի ազատագրութեան բանակին համոզուած զինվորները
260 ## - PUBLICATION, DISTRIBUTION, ETC.
Place of publication, distribution, etc. Ժընև :
Name of publisher, distributor, etc. Araz Printing Press,
Date of publication, distribution, etc. 2014.
300 ## - PHYSICAL DESCRIPTION
Extent 159 էջ :
Other physical details լուսանկ.
650 14 - SUBJECT ADDED ENTRY--TOPICAL TERM
Topical term or geographic name entry element Հայոց պատմություն
650 14 - SUBJECT ADDED ENTRY--TOPICAL TERM
Topical term or geographic name entry element Հայոց ցեղասպանություն, 1915-1923
740 02 - ADDED ENTRY--UNCONTROLLED RELATED/ANALYTICAL TITLE
Uncontrolled related/analytical title Թարմ հողակույտերուն առջեւ : 100 տարի առաջ՝ զրուիցերիոյ մամուլն ու Հնչակեան քսան կախաղանները
Holdings
Withdrawn status Lost status Damaged status Not for loan Collection Home library Current library Date acquired Cost, normal purchase price Total checkouts Full call number Barcode Date last seen Price effective from Koha item type Public note
        General Fundamental Scientific Library Fundamental Scientific Library 09/01/2017 3000.00   AII/100329 FL0327874 09/01/2017 09/01/2017 Գրքեր / Books 30 Days Loan
        General Fundamental Scientific Library Fundamental Scientific Library 09/01/2017 3000.00   AII/100330 FL0327875 09/01/2017 09/01/2017 Գրքեր / Books 30 Days Loan
        General Fundamental Scientific Library Fundamental Scientific Library 09/01/2017 3000.00   AII/100331 FL0327876 09/01/2017 09/01/2017 Գրքեր / Books 30 Days Loan


ՀՀ ԳԱԱ հիմնարար գիտական գրադարան
ՀՀ,Երևան 0019
Մարշալ Բաղրամյան 24/6
հեռախոս:(374-10) 52-47-50
Հետադարձ կապ

All site content, except where otherwise noted, is licensed under a
Creative Commons License